| 000 -LEADER |
| fixed length control field |
00580cam a2200181Ia 4500 |
| 040 ## - CATALOGING SOURCE |
| Transcribing agency |
AGL |
| 082 ## - DEWEY DECIMAL CLASSIFICATION NUMBER |
| Classification number |
634 BAN 2011 A042 Or. |
| 100 1# - MAIN ENTRY--AUTHOR NAME |
| Personal name |
Durst, Patrick B. |
| 245 10 - TITLE STATEMENT |
| Title |
Energy plantations in the Republic of the Philippines |
| 300 ## - PHYSICAL DESCRIPTION |
| Number of Pages |
iv, 17 pages ; |
| Dimensions |
28 cm. |
| 490 1# - SERIES STATEMENT |
| Series statement |
Research paper SE ; |
| 500 ## - GENERAL NOTE |
| General note |
Distributed to depository libraries in microfiche. |
| 500 ## - GENERAL NOTE |
| General note |
"July 1987"--P. [2] of cover. |
| 650 #0 - SUBJECT ADDED ENTRY--TOPICAL TERM |
| Topical Term |
Energy crops |
| 710 2# - ADDED ENTRY--CORPORATE NAME |
| Corporate name or jurisdiction name as entry element |
Southeastern Forest Experiment Station (Asheville, N.C.) |
| 856 41 - ELECTRONIC LOCATION AND ACCESS |
| Uniform Resource Identifier |
https://purl.fdlp.gov/GPO/LPS82647 |
| 942 ## - ADDED ENTRY ELEMENTS (KOHA) |
| Koha item type |
ADB |
| 952 ## - LOCATION AND ITEM INFORMATION (KOHA) |
| Withdrawn status [LOCAL, KOHA] |
0 |